000 01080nam a2200277 a 4500
001 000021104
005 20240320074001.0
008 100831s1996 dr 000 0 spa d
040 _aDO-SdBNP
_bspa
_cBNPHU
082 _a922.2
_bS127p
100 1 _a Sáez , José Luis
_d1937-
_9620
245 1 3 _aEl padre Fantino /
_cJosé Luis Sááez ; editor Rafael Bello Peguero, prólogo Juan Antonio Flores,.
260 _aSanto Domingo :
_bAmigo del Hogar,
_c1996.
300 _a199 p. ;
_c23 cm.
490 1 _aHombres de iglesia
_vno. 14
504 _aIncluye referencias bibliográficas y notas al pie de las páginas
504 _aIncluye bibliografía (p. 181-183)
600 1 4 _aFANTINO, GIOVANNI FRANCISCO,
_d1867-1939
_944126
650 4 _aClero
_zRepública Dominicana
_944127
650 4 _aVida espiritual
_xAutores católicos
_941790
700 1 _aFlores, Juan Antonio,
_cMons.
_epról.
_944128
700 1 _aBello Peguero, Rafael,
_d1932-2022
_eed.
_92405
700 1 _a Sáez , José Luis
_d1937-
_eintrod.
_9620
830 0 _aHombres de iglesia
_nno. 14
_944129
049 _aBNPD
999 _c20606
_d20606